000 00313pam a2200133a 44500
008 230405s1982 xxu||||| |||| 00| 0 eng d
041 _aENG
100 _aWilliam Pickles
245 _aAccountancy
260 _a
_bPitman Books Ltd
_c1982
300 _a125p.
690 _aSR.COLLEGE REGULAR GRANT
906 _a46
999 _c291389
_d291389